| 000 | 00981nam a2200289Ia 4500 | ||
|---|---|---|---|
| 003 | OSt | ||
| 005 | 20221005062257.0 | ||
| 006 | a|||||r|||| 00| 0 | ||
| 007 | ta | ||
| 008 | 221004b |||||||| |||| 00| 0 eng d | ||
| 020 |
_a9780415725639 (pbk) _cUKP 32.99 |
||
| 024 | _a33316 | ||
| 037 |
_b964/16-17, 07/03/2017, Capital Books Pvt. Ltd. _cTextual |
||
| 040 |
_aCRL _cCRL _beng |
||
| 041 |
_2eng _aeng |
||
| 082 | _aP28:795, Q7 | ||
| 100 |
_aDickins James Au. _9601616 |
||
| 245 | 0 |
_aThinking Arabic translation _b cousre in translation method |
|
| 260 |
_aLondon _bRoutledge UK _c2017 |
||
| 300 |
_axvii,313p. _ccm. |
||
| 650 |
_a ARABIC LANGUAGE _931794 |
||
| 650 | _aTRANSLATING AND INTERPRETING | ||
| 700 |
_a Hervey Sandor Au. _9601617 |
||
| 700 |
_a Higgins Ian Au. _9601618 |
||
| 942 |
_hP28:795, Q7 _cTEXL _2cc |
||
| 999 |
_c969427 _d969427 |
||